Мотив мифа об Эдипе и Антигоне в романе И. С. Тургенева "Отцы и дети"; Актуальные проблемы лингвистики, литературоведения и журналистики; Ч. 1: Лингвистика и литературоведение

書誌詳細
Parent link:Актуальные проблемы лингвистики, литературоведения и журналистики: Материалы научно-методической конференции молодых ученых, 11-12 апреля 2003 г., Томск/ Томский государственный университет.— , 2003-
Ч. 1: Лингвистика и литературоведение.— 2003.— С. 54-57
第一著者: Выдрина В. В.
その他の著者: Доманский В. А. (научный руководитель)
言語:ロシア語
出版事項: 2003
フォーマット: MixedMaterials 図書の章
KOHA link:https://koha.lib.tpu.ru/cgi-bin/koha/opac-detail.pl?biblionumber=317085

MARC

LEADER 00000naa2a2200000 4500
001 317085
005 20231101015639.0
035 |a (RuTPU)RU\TPU\book\342553 
035 |a RU\TPU\book\342550 
090 |a 317085 
100 |a 20160404d2003 k y0rusy50 ca 
101 0 |a rus 
102 |a RU 
200 1 |a Мотив мифа об Эдипе и Антигоне в романе И. С. Тургенева "Отцы и дети"  |f В. В. Выдрина  |g науч. рук. В. А. Доманский 
320 |a Библиогр.: 3 назв. 
461 1 |0 (RuTPU)RU\TPU\book\74229  |t Актуальные проблемы лингвистики, литературоведения и журналистики  |o Материалы научно-методической конференции молодых ученых, 11-12 апреля 2003 г., Томск  |f Томский государственный университет  |d 2003- 
463 0 |0 (RuTPU)RU\TPU\book\73662  |t Ч. 1: Лингвистика и литературоведение  |v С. 54-57  |d 2003  |p 298 с. 
700 1 |a Выдрина  |b В. В. 
702 1 |a Доманский  |b В. А.  |4 727 
801 1 |a RU  |b 63413507  |c 20081015  |g PSBO 
801 2 |a RU  |b 63413507  |c 20160404  |g RCR 
942 |c BK